Todos los estados de EE. UU. - sprint de 15 segundos - Estadísticas

Estadísticas generales
  • Esta prueba ha sido intentada 14 veces
  • La puntuación promedio es 7 de 50
Respuestas en el mapa
Las respuestas están codificadas por una escala verde-roja en el mapa de la prueba según el % correcto abajo.
 
Estadísticas de respuestas
Respuesta % Correcto
Alaska
64%
Ohio
55%
Iowa
45%
Texas
45%
Utah
36%
Arizona
27%
Arkansas
27%
California
27%
Florida
27%
Hawái
27%
Idaho
27%
Nevada
27%
Oregón
27%
Washington
27%
Colorado
18%
Indiana
18%
Kansas
18%
Maine
18%
Massachusetts
18%
Montana
18%
Nueva York
18%
Virginia
18%
Carolina del Norte
9%
Georgia
9%
Illinois
9%
Luisiana
9%
Míchigan
9%
Misisipi
9%
Misuri
9%
Nueva Jersey
9%
Nuevo México
9%
Oklahoma
9%
Alabama
0%
Carolina del Sur
0%
Connecticut
0%
Dakota del Norte
0%
Dakota del Sur
0%
Delaware
0%
Kentucky
0%
Maryland
0%
Minnesota
0%
Nebraska
0%
Nuevo Hampshire
0%
Pensilvania
0%
Rhode Island
0%
Tennessee
0%
Vermont
0%
Virginia Occidental
0%
Wisconsin
0%
Wyoming
0%
No se encontraron pruebas coincidentes
Distribución de puntuación
Porcentaje de gente con cada puntuación
Porcentaje por número respondido
Historial de tus puntuaciones
No has intentado esta prueba.